00322nam a2200145Ia 4500008004100000020001500041041001200056082001100068100001700079245002400096250000800120260003200128300000900160650000700169221030s9999 xx 000 0 und d a8170088593 aEnglish a105.23 aR. K. Rajput 0aElectrical Machines a4th bLaxmi Pub.aNew Delhic2006 a1229 aEE